[Event "Heusenstamm Sparkassen op-B 7th"]
[Site "Heusenstamm"]
[Date "2021.11.21"]
[Round "7.11"]
[White "Jahraus, Marlis"]
[Black "Wartenberg, Alissa"]
[Result "0-1"]
[WhiteElo "1590"]
[BlackElo "1586"]
[PlyCount "116"]
[EventDate "2021.11.18"]
[EventType "swiss"]
[EventRounds "7"]
[EventCountry "GER"]
[SourceTitle "EXT 2023"]
[Source "ChessBase"]
[SourceDate "2022.10.05"]
[SourceVersion "1"]
[SourceVersionDate "2022.10.05"]
[SourceQuality "1"]

1. e4 e5 2. Bc4 Nf6 3. d3 Nc6 4. f4 d6 5. Nf3 Bg4 6. h3 Bxf3 7. Qxf3 Nd4 8. Qd1 b5 9. Bb3 Nxb3 10. axb3 c6 11. 0-0 Be7 12. fxe5 dxe5 13. Be3 a6 14. Nd2 0-0 15. Nf3 Bd6 16. Qe1 Qe7 17. Kh1 Nh5 18. Kh2 f5 19. Bg5 Qe8 20. Bh4 f4 21. g4 fxg3+ 22. Bxg3 Nf4 23. Qd2 Qh5 24. Bxf4 Rxf4 25. Qg2 Raf8 26. Nd2 R8f6 27. Rxf4 exf4 28. Qf3 Qc5 29. e5 Qxe5 30. Ne4 Rg6 31. Rxa6 Qd4 32. Ra8+ Bf8 33. Rxf8+ Kxf8 34. Qxf4+ Ke7 35. Qc7+ Qd7 36. Qe5+ Kf8 37. Qf4+ Qf7 38. Qb8+ Qe8 39. Qf4+ Kg8 40. b4 Qf8 41. Qf2 Qxb4 42. Qb6 h6 43. b3 Qe1 44. Qf2 Qxf2+ 45. Nxf2 Re6 46. Kg3 Re2 47. c3 b4 48. cxb4 Rb2 49. Ng4 Rxb3 50. Ne5 Rxb4 51. Nxc6 Rb5 52. d4 Kf8 53. h4 Rd5 54. Ne5 Rxd4 55. Ng6+ Kf7 56. h5 Kf6 57. Nh4 Rxh4 58. Kxh4 Kf5 0-1

[Event "Wiesbaden op 31st"]
[Site "Wiesbaden"]
[Date "2019.08.23"]
[Round "2"]
[White "Ohler, Julius"]
[Black "Jahraus, Marlis"]
[Result "1-0"]
[WhiteElo "1798"]
[BlackElo "1578"]
[PlyCount "143"]
[EventDate "2019.08.22"]
[EventType "swiss"]
[EventRounds "7"]
[EventCountry "GER"]
[SourceTitle "EXT 2020"]
[Source "ChessBase"]
[SourceDate "2019.10.17"]
[SourceVersion "1"]
[SourceVersionDate "2019.10.17"]
[SourceQuality "1"]

1. d4 f5 2. c4 Nf6 3. Nc3 g6 4. g3 Bg7 5. Bg2 0-0 6. Nf3 d6 7. 0-0 c6 8. Qc2 Na6 9. a3 Qe8 10. e4 fxe4 11. Nxe4 Nxe4 12. Qxe4 Bf5 13. Qe2 Qd7 14. Re1 Rae8 15. Bf4 Bg4 16. Qd3 Nc7 17. Rad1 Ne6 18. Bc1 Nxd4 19. Nxd4 Bxd1 20. Rxd1 Qg4 21. h3 Qc8 22. Re1 e6 23. h4 d5 24. Bh3 Bxd4 25. Qxd4 e5 26. Qg4 Qd8 27. Bh6 Rf7 28. cxd5 cxd5 29. Qa4 Qb8 30. Qb5 d4 31. Qd5 Rd8 32. Qxe5 Qxe5 33. Rxe5 Kh8 34. Bg5 Rdf8 35. Re2 Kg7 36. Rd2 h6 37. Bf4 Rxf4 38. gxf4 Rxf4 39. Kg2 Rxh4 40. Kg3 g5 41. f3 Kf6 42. Bc8 b6 43. Bb7 Ke5 44. Re2+ Kd6 45. Be4 Rf4 46. Rc2 Ke5 47. Rc8 Rf6 48. Re8+ Kd6 49. Rd8+ Ke5 50. Rd5+ Ke6 51. Rxd4 h5 52. Rd5 g4 53. Rxh5 gxf3 54. Bxf3 Kd6 55. Rh7 a5 56. Rh5 Re6 57. Kf2 Re7 58. Rb5 Kc7 59. Kg3 Re6 60. Kf4 Re1 61. Be4 Rc1 62. Ke5 Rd1 63. Rd5 Rc1 64. Rd2 Rc5+ 65. Bd5 b5 66. Rh2 b4 67. a4 b3 68. Rh3 Rc1 69. Rxb3 Ra1 70. Rc3+ Kb6 71. Rc6+ Ka7 72. b3 1-0

[Event "Wiesbaden op 30th"]
[Site "Wiesbaden"]
[Date "2018.08.23"]
[Round "1"]
[White "Eveleens, Wim"]
[Black "Jahraus, Marlis"]
[Result "1-0"]
[WhiteElo "1997"]
[BlackElo "1588"]
[PlyCount "47"]
[EventDate "2018.08.23"]
[EventType "swiss"]
[EventRounds "7"]
[EventCountry "GER"]
[SourceTitle "CBM 186 Extra"]
[Source "ChessBase"]
[SourceDate "2018.08.24"]
[SourceVersion "1"]
[SourceVersionDate "2018.08.24"]
[SourceQuality "1"]

1. c4 f5 2. g3 Nf6 3. Bg2 g6 4. Nc3 Bg7 5. d3 0-0 6. e4 e5 7. Nge2 c6 8. 0-0 d6 9. exf5 gxf5 10. f4 Na6 11. Kh1 Qe8 12. fxe5 dxe5 13. d4 Ng4 14. dxe5 Qh5 15. h3 Bxe5 16. Nf4 Bxf4 17. Bxf4 Be6 18. b3 Nc5 19. Qd6 b6 20. Qxc6 Rfd8 21. Rad1 Rxd1 22. Qxa8+ Kg7 23. Nxd1 Nd3 24. Qf3 1-0

[Event "Wiesbaden op 29th"]
[Site "Wiesbaden"]
[Date "2017.08.26"]
[Round "5"]
[White "Meyer Jany, Marcel"]
[Black "Jahraus, Marlis"]
[Result "1-0"]
[WhiteElo "1748"]
[BlackElo "1563"]
[PlyCount "153"]
[EventDate "2017.08.24"]
[EventType "swiss"]
[EventRounds "7"]
[EventCountry "GER"]
[SourceTitle "CBM 180 Extra"]
[Source "ChessBase"]
[SourceDate "2017.10.06"]
[SourceVersion "1"]
[SourceVersionDate "2017.10.06"]
[SourceQuality "1"]

1. d4 f5 2. e4 fxe4 3. Nc3 Nf6 4. Bg5 Nc6 5. Bb5 g6 6. Bxf6 exf6 7. Nxe4 Bg7 8. Nf3 0-0 9. 0-0 Ne7 10. Re1 d5 11. Nc5 c6 12. Bf1 Qd6 13. c3 Re8 14. Re2 b6 15. Nd3 Bg4 16. Re1 a5 17. h3 Bd7 18. Rc1 a4 19. Rc2 Bc8 20. Rce2 Ba6 21. Re6 Qd7 22. Nf4 Bxf1 23. Kxf1 Nf5 24. Rxe8+ Rxe8 25. Rxe8+ Qxe8 26. Nd3 b5 27. Nc5 Bf8 28. Nd3 Nd6 29. Nd2 Kg7 30. Qe2 Qxe2+ 31. Kxe2 Nf7 32. Nf4 Nd8 33. b3 Bd6 34. Nd3 Ne6 35. Ke3 Kf7 36. c4 axb3 37. axb3 dxc4 38. bxc4 b4 39. c5 Bc7 40. g3 Ba5 41. Nb3 Bd8 42. Nxb4 f5 43. Nxc6 Bg5+ 44. f4 Bf6 45. Nba5 Bxd4+ 46. Nxd4 Nxc5 47. Nc4 Ne4 48. g4 fxg4 49. Ne5+ Kg7 50. Ne6+ Kf6 51. Nxg4+ Kxe6 52. Kxe4 h5 53. Ne3 Kf6 54. Nd5+ Kf7 55. Ke5 h4 56. Nb4 Kg7 57. Nc2 Kh6 58. Ne1 g5 59. fxg5+ Kxg5 60. Nf3+ Kh6 61. Kf4 Kh5 62. Kf5 Kh6 63. Kg4 Kh7 64. Kh5 Kg7 65. Nxh4 Kh7 66. Ng6 Kg7 67. Kg5 Kh7 68. Ne7 Kg7 69. Nd5 Kh7 70. Nf6+ Kg7 71. h4 Kh8 72. Ne8 Kh7 73. h5 Kh8 74. Kg6 Kg8 75. Nf6+ Kh8 76. Ng4 Kg8 77. Ne5 1-0

[Event "Wiesbaden op 29th"]
[Site "Wiesbaden"]
[Date "2017.08.25"]
[Round "3"]
[White "Hinz, Andre"]
[Black "Jahraus, Marlis"]
[Result "1-0"]
[WhiteElo "1696"]
[BlackElo "1563"]
[PlyCount "81"]
[EventDate "2017.08.24"]
[EventType "swiss"]
[EventRounds "7"]
[EventCountry "GER"]
[SourceTitle "CBM 180 Extra"]
[Source "ChessBase"]
[SourceDate "2017.10.06"]
[SourceVersion "1"]
[SourceVersionDate "2017.10.06"]
[SourceQuality "1"]

1. c4 f5 2. g3 Nf6 3. Bg2 g6 4. Nc3 Bg7 5. d3 0-0 6. Nf3 d6 7. 0-0 e5 8. Bg5 Qe8 9. Bxf6 Bxf6 10. Nd5 Bd8 11. Nd2 c6 12. Nc3 Be6 13. b4 Qd7 14. e3 f4 15. Nde4 Be7 16. exf4 exf4 17. Re1 Na6 18. b5 Nc7 19. bxc6 bxc6 20. Qe2 Rae8 21. Rab1 d5 22. cxd5 cxd5 23. Nd2 Bf6 24. Rec1 Bg4 25. Qf1 fxg3 26. f3 Bd4+ 27. Kh1 Qg7 28. Ne2 Rxe2 29. Qxe2 Qh6 30. Nf1 Ne6 31. fxg4 Rxf1+ 32. Bxf1 Be3 33. Rc8+ Kf7 34. Qf3+ Bf4 35. h3 Qg5 36. Bg2 h5 37. Qxd5 Qh4 38. gxh5 gxh5 39. Qf5+ Ke7 40. Rb7+ Kd6 41. Rc6# 1-0

[Event "Heusenstamm Sparkassen op-B 2nd"]
[Site "Heusenstamm"]
[Date "2015.11.28"]
[Round "4"]
[White "Jahraus, Marlis"]
[Black "Kirchner, Stefan2"]
[Result "1-0"]
[WhiteElo "1421"]
[BlackElo "1544"]
[PlyCount "75"]
[EventDate "2015.11.26"]
[EventType "swiss"]
[EventRounds "7"]
[EventCountry "GER"]
[SourceTitle "EXT 2018"]
[Source "ChessBase"]
[SourceDate "2017.10.13"]
[SourceVersion "1"]
[SourceVersionDate "2017.10.13"]
[SourceQuality "1"]

1. e4 e6 2. d4 d5 3. Nd2 c5 4. Ngf3 Nc6 5. exd5 exd5 6. Bb5 a6 7. Bxc6+ bxc6 8. 0-0 Nf6 9. Re1+ Be7 10. dxc5 0-0 11. Nb3 Bg4 12. Nfd4 Qc7 13. Nxc6 Bxc5 14. Ne5 Bh5 15. Qd3 Rfe8 16. Be3 a5 17. Bxc5 Qxc5 18. Nd4 Bg6 19. Nxg6 hxg6 20. a4 Ne4 21. Rad1 Rad8 22. Kf1 Re6 23. f3 Rf6 24. Kg1 Nd6 25. b3 Nc8 26. Re3 Kf8 27. Qd2 Nd6 28. Rd3 Nf5 29. Kh1 Ne7 30. Ne2 Rc6 31. c4 Rcd6 32. Nc3 Qb4 33. Nxd5 Qxd2 34. R1xd2 f6 35. Kg1 Kf7 36. Kf2 Ke6 37. Nc7+ Ke5 38. f4+ 1-0

[Event "Heusenstamm Sparkassen op-B 2nd"]
[Site "Heusenstamm"]
[Date "2015.11.28"]
[Round "5"]
[White "Popp, Johann"]
[Black "Jahraus, Marlis"]
[Result "1/2-1/2"]
[WhiteElo "1452"]
[BlackElo "1421"]
[PlyCount "39"]
[EventDate "2015.11.26"]
[EventType "swiss"]
[EventRounds "7"]
[EventCountry "GER"]
[SourceTitle "EXT 2018"]
[Source "ChessBase"]
[SourceDate "2017.10.13"]
[SourceVersion "1"]
[SourceVersionDate "2017.10.13"]
[SourceQuality "1"]

1. d4 f5 2. Nf3 e6 3. c4 Nf6 4. Nc3 Bb4 5. Bd2 0-0 6. a3 Bxc3 7. Bxc3 Ne4 8. Bb4 d6 9. e3 b6 10. a4 a5 11. Ba3 Nd7 12. Bd3 Rf6 13. Nd2 Nxd2 14. Qxd2 Bb7 15. f3 Rh6 16. 0-0-0 Qf6 17. Be2 d5 18. h3 Ba6 19. b3 c5 20. Bb2 1/2-1/2

[Event "Wiesbaden op 27th"]
[Site "Wiesbaden"]
[Date "2015.08.29"]
[Round "5"]
[White "Kuenitz, Klaus"]
[Black "Jahraus, Marlis"]
[Result "1-0"]
[WhiteElo "1740"]
[BlackElo "1249"]
[PlyCount "85"]
[EventDate "2015.08.27"]
[EventType "swiss"]
[EventRounds "7"]
[EventCountry "GER"]
[SourceTitle "EXT 2016"]
[Source "ChessBase"]
[SourceDate "2015.10.08"]
[SourceVersion "1"]
[SourceVersionDate "2015.10.08"]
[SourceQuality "1"]

1. d4 e6 2. c4 f5 3. d5 e5 4. Nf3 d6 5. Nc3 Nf6 6. Bg5 Be7 7. Bxf6 Bxf6 8. e4 f4 9. Be2 0-0 10. b4 Nd7 11. 0-0 Qe8 12. Nd2 Qg6 13. Nb5 Bd8 14. Bh5 Qh6 15. Bg4 Nf6 16. Bxc8 Rxc8 17. Nxa7 Ra8 18. Nb5 Qg6 19. Nc3 Be7 20. a4 h5 21. f3 h4 22. Kh1 Kf7 23. Nb5 Rac8 24. Rc1 h3 25. Rg1 Rh8 26. gxh3 Qh7 27. Qf1 Qg8 28. Qg2 Rh7 29. Qg6+ Kf8 30. Qf5 Rd8 31. Nxc7 Rd7 32. Ne6+ Ke8 33. Qg6+ Qf7 34. Nxg7+ Kf8 35. Ne6+ Ke8 36. c5 dxc5 37. bxc5 Bf8 38. c6 bxc6 39. dxc6 Rxd2 40. c7 Qxg6 41. Rxg6 Kf7 42. Nxf8 Rxh3 43. Rg2 1-0

[Event "Wiesbaden op 27th"]
[Site "Wiesbaden"]
[Date "2015.08.27"]
[Round "1"]
[White "Launert, Martin"]
[Black "Jahraus, Marlis"]
[Result "1-0"]
[WhiteElo "1846"]
[BlackElo "1249"]
[PlyCount "135"]
[EventDate "2015.08.27"]
[EventType "swiss"]
[EventRounds "7"]
[EventCountry "GER"]
[SourceTitle "EXT 2016"]
[Source "ChessBase"]
[SourceDate "2015.10.08"]
[SourceVersion "1"]
[SourceVersionDate "2015.10.08"]
[SourceQuality "1"]

1. e4 c5 2. Nf3 d6 3. d4 cxd4 4. Nxd4 Nf6 5. Nc3 a6 6. Be2 e5 7. Nf3 Be7 8. 0-0 0-0 9. h3 h6 10. Be3 Be6 11. Nh2 d5 12. exd5 Nxd5 13. Nxd5 Bxd5 14. c4 Be6 15. Nf3 Nc6 16. a3 Qc7 17. Rc1 Rad8 18. Qc2 f5 19. Rfd1 f4 20. Rxd8 Nxd8 21. Bd2 Nc6 22. Bc3 Bc5 23. b4 Bd4 24. b5 Bxc3 25. Qxc3 e4 26. bxc6 exf3 27. Bxf3 bxc6 28. Re1 Rf6 29. c5 Kf7 30. Qb4 Qc8 31. Kh2 Ke7 32. Qb6 Kf8 33. Bxc6 Bf7 34. Bb7 Rxb6 35. Bxc8 Rc6 36. Bb7 Rxc5 37. Ra1 a5 38. h4 Rc3 39. Bf3 Rc2 40. Kg1 Rd2 41. Bb7 Bd5 42. Bxd5 Rxd5 43. a4 Kf7 44. Ra2 g5 45. hxg5 hxg5 46. f3 Rd4 47. Kh2 Kf6 48. Kh3 Kf5 49. Rc2 Rd5 50. Rc8 Kf6 51. Rb8 Rd4 52. Rb6+ Ke5 53. Rb5+ Rd5 54. Rxd5+ Kxd5 55. Kg4 Kc4 56. Kxg5 Kb4 57. Kxf4 Kxa4 58. g4 Kb4 59. g5 a4 60. g6 a3 61. g7 a2 62. g8Q a1Q 63. Qb8+ Kc4 64. Qc7+ Kd3 65. Qd6+ Kc4 66. Qc6+ Kd3 67. Qe4+ Kc3 68. Qe5+ 1-0

[Event "Wiesbaden op 26th"]
[Site "Wiesbaden"]
[Date "2014.08.28"]
[Round "1"]
[White "Jahraus, Marlis"]
[Black "Haftmann, Rainer"]
[Result "0-1"]
[WhiteElo "1124"]
[BlackElo "1920"]
[PlyCount "90"]
[EventDate "2014.08.28"]
[EventType "swiss"]
[EventRounds "7"]
[EventCountry "GER"]
[SourceTitle "CBM 162 Extra"]
[Source "ChessBase"]
[SourceDate "2014.10.17"]
[SourceVersion "1"]
[SourceVersionDate "2014.10.17"]
[SourceQuality "1"]

1. e4 e5 2. Nf3 Nc6 3. Bb5 a6 4. Ba4 Nf6 5. d3 b5 6. Bb3 Bc5 7. 0-0 d6 8. h3 0-0 9. c3 h6 10. Be3 Bxe3 11. fxe3 Na5 12. Bc2 c5 13. d4 Qc7 14. Nbd2 Be6 15. Rf2 Rac8 16. Nf1 c4 17. Ng3 Rcd8 18. Qe2 Bc8 19. Nf5 Bxf5 20. exf5 e4 21. Nh4 d5 22. Raf1 Qg3 23. Rf4 Nc6 24. Bd1 Rb8 25. a3 Rb7 26. Qd2 a5 27. Nf3 exf3 28. R1xf3 Qg5 29. h4 Ne4 30. hxg5 Nxd2 31. Rh3 hxg5 32. Rg4 Ne4 33. Bf3 Re7 34. Bxe4 Rxe4 35. Rxg5 f6 36. Rgg3 Kf7 37. Kf2 b4 38. axb4 axb4 39. Rh7 Rg8 40. Rf3 bxc3 41. bxc3 Rg4 42. g3 Ra8 43. Ke2 Ra2+ 44. Kd1 Rg2 45. Rh3 Na5 0-1